Validity of process under the Party Wall, etc Act 1996 (Record no. 65614)
[ view plain ]
| 000 -LEADER | |
|---|---|
| fixed length control field | 01269cam a2200241 4500 |
| 001 - CONTROL NUMBER | |
| control field | ABS63253 |
| 008 - FIXED-LENGTH DATA ELEMENTS--GENERAL INFORMATION | |
| fixed length control field | 000000n2000 000 0 eng u |
| 035 ## - SYSTEM CONTROL NUMBER | |
| System control number | (Sirsi) u110006 |
| 100 ## - MAIN ENTRY--PERSONAL NAME | |
| Personal name | Bowden, D |
| 245 ## - TITLE STATEMENT | |
| Title | Validity of process under the Party Wall, etc Act 1996 |
| 260 ## - PUBLICATION, DISTRIBUTION, ETC. | |
| Date of publication, distribution, etc. | 2000 |
| 490 ## - SERIES STATEMENT | |
| Series statement | Structural Survey |
| Volume/sequential designation | 18(5) December 2000, 266-272(6) |
| 520 ## - SUMMARY, ETC. | |
| Summary, etc. | This paper considers the entire process leading to the making of a valid award under section 10 of the Party Wall, etc Act 1996. The powers and duties of the appointed surveyors, the validity of their appointment and the effect of their awards are examined. The validity of some of the commonly used award clauses is also commented upon. The paper also considers agreements between the parties insofar as they might affect a dispute and the subsequent award. Finally, examples are provided as to where liability might lie for failure to produce a valid award, with important warnings for appointed surveyors. Journal abstract. References. |
| 590 ## - LOCAL NOTE (RLIN) | |
| Local note | ABS |
| 650 ## - SUBJECT ADDED ENTRY--TOPICAL TERM | |
| Topical term or geographic name entry element | PARTY WALL ETC ACT 1996 |
| 650 ## - SUBJECT ADDED ENTRY--TOPICAL TERM | |
| Topical term or geographic name entry element | Party walls |
| 9 (RLIN) | 6258 |
| 650 ## - SUBJECT ADDED ENTRY--TOPICAL TERM | |
| Topical term or geographic name entry element | NOTICE |
| 650 ## - SUBJECT ADDED ENTRY--TOPICAL TERM | |
| Topical term or geographic name entry element | DISPUTES |
| 650 ## - SUBJECT ADDED ENTRY--TOPICAL TERM | |
| Topical term or geographic name entry element | AWARDS |
| 650 ## - SUBJECT ADDED ENTRY--TOPICAL TERM | |
| Topical term or geographic name entry element | BUILDING REGULATIONS APPEALS |
| 690 ## - LOCAL SUBJECT ADDED ENTRY--TOPICAL TERM (OCLC, RLIN) | |
| Topical term or geographic name as entry element | Boundary disputes |
| 9 (RLIN) | 6221 |
| 942 ## - ADDED ENTRY ELEMENTS (KOHA) | |
| Suppress in OPAC | 0 |
| Withdrawn status | Lost status | Source of classification or shelving scheme | Damaged status | Not for loan | Home library | Current library | Shelving location | Date acquired | Total Checkouts | Full call number | Barcode | Date last seen | Copy number | Price effective from | Koha item type |
|---|---|---|---|---|---|---|---|---|---|---|---|---|---|---|---|
| Dewey Decimal Classification | London | London | Journal article | 20/12/2000 | ABS63253 | 110006-1001 | 06/08/2019 | 1 | 06/08/2019 | Journal article |